La covid-19 y los cambios en la integración Latinoamericana y Europea (Registro nro. 170730)

Detalles MARC
000 -LEADER
fixed length control field 03089nam a22002657a 4500
007 - PHYSICAL DESCRIPTION FIXED FIELD--GENERAL INFORMATION
fixed length control field cr|||| ||||
008 - FIXED-LENGTH DATA ELEMENTS--GENERAL INFORMATION
fixed length control field 211005s2021 co |||||s|||| 00||0 spa d
020 ## - INTERNATIONAL STANDARD BOOK NUMBER
International Standard Book Number 978-958-760-325-5
035 ## -
-- 35200
040 ## - CATALOGING SOURCE
Original cataloging agency vLex
090 ## -
-- 12494
-- 12494
100 1# - MAIN ENTRY--PERSONAL NAME
Personal name Vieira Posada, Edgar
245 12 - TITLE STATEMENT
Title La covid-19 y los cambios en la integración Latinoamericana y Europea
Medium [Recurso electrónico] /
Statement of responsibility, etc Edgar Vieira Posada, Félix Peña
256 ## -
-- Servicio en línea
260 ## - PUBLICATION, DISTRIBUTION, ETC. (IMPRINT)
Place of publication, distribution, etc Bogotá:
Name of publisher, distributor, etc Universidad Cooperativa de Colombia,
Date of publication, distribution, etc 2021
300 ## - PHYSICAL DESCRIPTION
Extent 1 recurso electrónico
500 ## - GENERAL NOTE
General note La pandemia de covid-19 ha significado un momento de reflexión para los procesos de integración de América Latina, desbordados por su impacto y las consecuencias que trajo la falta de respuestas multilaterales, colaborativas y consensuadas y la preferencia por actuar de manera individual, prevaleciendo las soberanías nacionales sobre una actuación de soberanías compartidas. Con ello se está demostrando que en lo institucional se encuentra una de las mayores falencias y debilidades de la integración latinoamericana, a lo que se agrega la falta de liderazgo tan necesario en circunstancias como estas. América Latina no ha actuado de manera colaborativa, a pesar de contar con tantos elementos de identidad compartida entre sus países. Este individualismo les ha restado posibilidades de aprovechar mejor la ayuda internacional. Al comparar lo adelantado en países de otros continentes, se observa una reacción multilateral, por ejemplo, en la Unión Europea, e incluso una mayor coordinación en el continente africano, lo que les permite aprovechar mejor las acciones de cooperación adelantadas, en este caso, por China. Aunque hubo al comienzo algún retraso en la reacción de la Unión Europea, finalmente se dio aprobación a un paquete de medidas económicas de gran magnitud que le permitirá a muchos de sus miembros sortear más eficazmente los impactos negativos de la pandemia. En materia de liderazgo, el eje franco-alemán y el comportamiento de un Estado federal como Alemania es también fuente de lecciones positivas. Como se muestra en este tomo 8 de Gridale, en Latinoamérica, solo el proceso centroamericano de integración ha tenido un accionar más grupal y colaborativo, mientras en procesos como el Mercosur es clara la necesidad de introducir profundas reformas que aclaren el rumbo del proceso e incorporen en este y demás procesos de integración elementos indispensables para la pospandemia como el trabajo mancomunado, multilateral y solidario.
506 1# - RESTRICTIONS ON ACCESS NOTE
Terms governing access Disponible solo en los productos indicados
Authorized users vLex Global
-- vLex Global (Academic Edition, excluding Law Schools)
-- vLex Global (U.S. Academic Edition, Law Schools)
-- vLex Global (U.S. Academic Edition, excluding Law Schools)
-- vLex Global (Academic Edition, Law Schools)
650 04 - SUBJECT ADDED ENTRY--TOPICAL TERM
Topical term or geographic name as entry element Derecho Comunitario
Geographic subdivision Colombia
700 1# - ADDED ENTRY--PERSONAL NAME
Personal name Peña, Félix
740 0# -
-- vLex Libros (Servicio en línea)
856 40 - LOCALIZACIÓN Y ACCESO ELECTRÓNICO
Identificador Uniforme del Recurso (URI/URL) https://app.vlex.com/#/sources/35200
942 ## -
-- RAA
999 ## -
-- 170730
-- 170730

No hay ítems disponibles.


CONTACTO


NOSOTROS


SITIOS DE INTERES

coordinacion.biblioteca.biblioteca@unienlinea.mx Misión, Visión y Objetivos Bases de datos
Directorio Bibliotecas Digitales y Repositorios
Normatividad Revistas y artículos
Convenios interbibliotecarios
Boletines



Hecho en México. Universidad Insurgentes (UIN). Todos los derechos reservados 2024. Esta página y sus contenidos pueden ser reproducidos con fines no lucrativos, siempre y cuando no se mutile, se cite la fuente completa y su dirección electrónicas. De otra forma requiere permiso previo por escrito de la institución




2024 Copyright Universidad Insurgentes | www.bibliouin.com.mx